000 00338nam a22001337a 4500
008 170726b xxu||||| |||| 00| 0 eng d
020 _a9780136609117
041 _aeng
080 _a004
100 _a30
101 _aSHK
245 _aA PRACTICAL INTRODUCTION TO DATA STRUCTURES AND ALGORITHM ANALYSIS
_cSHAFFER,C.A
942 _2udc
_cBK
999 _c21911
_d21911